[Event "Frome op 32nd"]
[Site "Frome"]
[Date "2023.05.13"]
[Round "2"]
[White "Garcia, Jason"]
[Black "Miller, George"]
[Result "0-1"]
[WhiteElo "1997"]
[BlackElo "1849"]
[PlyCount "56"]
[EventDate "2023.05.12"]
[EventType "swiss"]
[EventRounds "5"]
[EventCountry "ENG"]
[SourceTitle "EXT 2024"]
[Source "ChessBase"]
[SourceDate "2023.10.10"]
[SourceVersion "1"]
[SourceVersionDate "2023.10.10"]
[SourceQuality "1"]

1. Nf3 e6 2. g3 d5 3. Bg2 Nf6 4. 0-0 Be7 5. b3 0-0 6. Bb2 a5 7. c4 c6 8. d4 Nbd7 9. Nc3 Re8 10. Qc2 Bb4 11. Rfd1 Bxc3 12. Bxc3 Ne4 13. Bb2 f5 14. Nd2 Qg5 15. Nxe4 fxe4 16. f3 Nf6 17. Rf1 exf3 18. exf3 Qe3+ 19. Kh1 a4 20. Rae1 axb3 21. axb3 Qh6 22. Bc1 Qh5 23. g4 Qg6 24. Qb2 Bd7 25. g5 Nh5 26. f4 Qf5 27. Bf3 Qh3 28. Qe2 Ng3+ 0-1

[Event "Cardiff Welsh Spring op"]
[Site "Cardiff"]
[Date "2023.03.04"]
[Round "1"]
[White "Jansen van Rensburg, Leon"]
[Black "Garcia, Jason"]
[Result "0-1"]
[WhiteElo "1501"]
[BlackElo "2002"]
[PlyCount "92"]
[EventDate "2023.03.04"]
[EventType "swiss"]
[EventRounds "5"]
[EventCountry "WLS"]
[SourceTitle "EXT 2024"]
[Source "ChessBase"]
[SourceDate "2023.10.10"]
[SourceVersion "1"]
[SourceVersionDate "2023.10.10"]
[SourceQuality "1"]

1. e4 c5 2. c3 d5 3. e5 Bf5 4. d4 e6 5. Nf3 Nc6 6. Be3 Qb6 7. Qb3 Qxb3 8. axb3 cxd4 9. cxd4 a6 10. Be2 Bb4+ 11. Nc3 Nge7 12. 0-0 0-0 13. Rfc1 h6 14. h3 Bg6 15. g4 f6 16. Na2 Ba5 17. b4 Bb6 18. b5 axb5 19. Nh4 fxe5 20. Nxg6 Nxg6 21. dxe5 Bxe3 22. fxe3 b4 23. Rcb1 Ngxe5 24. Nc1 Nf3+ 25. Bxf3 Rxa1 26. Rxa1 Rxf3 27. Kg2 Rxe3 28. Ra8+ Kf7 29. Rc8 Na5 30. Rc5 Nc4 31. Rc7+ Kf6 32. Rxb7 Nxb2 33. Rxb4 Nd3 34. Nxd3 Rxd3 35. Rf4+ Ke7 36. Rb4 Rc3 37. h4 Rc4 38. Rb7+ Kf6 39. g5+ hxg5 40. hxg5+ Kg6 41. Kf3 e5 42. Re7 Rf4+ 43. Kg3 Rf5 44. Kh4 Rxg5 45. Rxg7+ Kxg7 46. Kxg5 d4 0-1

[Event "Calvia Amateur op 19th"]
[Site "Calvia"]
[Date "2022.10.16"]
[Round "9"]
[White "Garcia, Jason"]
[Black "Isakovs, Janis"]
[Result "1/2-1/2"]
[WhiteElo "2005"]
[BlackElo "1890"]
[PlyCount "94"]
[EventDate "2022.10.08"]
[EventType "swiss"]
[EventRounds "9"]
[EventCountry "ESP"]
[SourceTitle "CBM 210 Extra"]
[Source "ChessBase"]
[SourceDate "2022.11.30"]
[SourceVersion "1"]
[SourceVersionDate "2022.11.30"]
[SourceQuality "1"]

1. Nf3 d5 2. g3 c5 3. Bg2 Nf6 4. 0-0 Nc6 5. d4 e6 6. c4 cxd4 7. Nxd4 Qb6 8. Nxc6 bxc6 9. Qc2 Bb7 10. Bg5 Be7 11. Nd2 h6 12. Bxf6 Bxf6 13. e4 0-0 14. Rab1 Rac8 15. Kh1 Rfd8 16. f4 d4 17. c5 d3 18. Qc1 Qc7 19. e5 Be7 20. b4 Ba6 21. Rd1 Bb5 22. Ne4 a5 23. Nd6 Bxd6 24. cxd6 Qa7 25. Qc5 Qa6 26. a3 Ba4 27. Rd2 Bc2 28. b5 cxb5 29. Qxb5 Qa7 30. Qb6 Qxb6 31. Rxb6 Rc3 32. Be4 g6 33. Kg2 Rxa3 34. Kf3 a4 35. Ra6 Rc3 36. Ke3 Kf8 37. Bxd3 Bb3 38. Kd4 Rc1 39. Bb5 Ra1 40. Kc3 Rb8 41. Ra5 h5 42. Rb2 Rc1+ 43. Kd4 Rd1+ 44. Kc5 Rc1+ 45. Kb4 Rc4+ 46. Ka3 Rc5 47. Kb4 Rc4+ 1/2-1/2

[Event "Calvia Amateur op 19th"]
[Site "Calvia"]
[Date "2022.10.15"]
[Round "8"]
[White "Hurtado Bahamonde, Rodrigo And"]
[Black "Garcia, Jason"]
[Result "1-0"]
[WhiteElo "2111"]
[BlackElo "2005"]
[PlyCount "97"]
[EventDate "2022.10.08"]
[EventType "swiss"]
[EventRounds "9"]
[EventCountry "ESP"]
[SourceTitle "CBM 210 Extra"]
[Source "ChessBase"]
[SourceDate "2022.11.30"]
[SourceVersion "1"]
[SourceVersionDate "2022.11.30"]
[SourceQuality "1"]

1. e4 c5 2. Nf3 d6 3. d4 cxd4 4. Nxd4 Nf6 5. Nc3 a6 6. f3 e6 7. Be3 b5 8. Qd2 Nbd7 9. g4 Nb6 10. g5 Nfd7 11. h4 Bb7 12. h5 Rc8 13. Qg2 Ne5 14. g6 hxg6 15. hxg6 Rxh1 16. gxf7+ Kxf7 17. Qxh1 Rxc3 18. bxc3 Qc7 19. Qh5+ Kg8 20. Bd2 Bc8 21. Bh3 g6 22. Qg5 Qh7 23. Qg3 Nbc4 24. Ke2 Nxd2 25. Kxd2 Bh6+ 26. Ke2 Qc7 27. f4 Qc4+ 28. Kd2 b4 29. Rf1 Qxa2 30. cxb4 Kf7 31. Qc3 Qc4 32. Qxc4 Nxc4+ 33. Kd3 Nb6 34. c4 Ke7 35. c5 dxc5 36. bxc5 Na8 37. Nc6+ Kf7 38. Ne5+ Kf6 39. Ng4+ Kg7 40. Nxh6 Kxh6 41. Rb1 Nc7 42. Rb8 Bd7 43. Rb7 Bb5+ 44. Kd4 Ne8 45. Ke5 Ng7 46. Bxe6 Nxe6 47. Kxe6 Bc6 48. Rb4 a5 49. Rd4 1-0

[Event "Calvia Amateur op 19th"]
[Site "Calvia"]
[Date "2022.10.12"]
[Round "5"]
[White "Borovnica, Tihomir"]
[Black "Garcia, Jason"]
[Result "1-0"]
[WhiteElo "2159"]
[BlackElo "2005"]
[PlyCount "75"]
[EventDate "2022.10.08"]
[EventType "swiss"]
[EventRounds "9"]
[EventCountry "ESP"]
[SourceTitle "CBM 210 Extra"]
[Source "ChessBase"]
[SourceDate "2022.11.30"]
[SourceVersion "1"]
[SourceVersionDate "2022.11.30"]
[SourceQuality "1"]

1. d4 Nf6 2. c4 c5 3. d5 e6 4. Nc3 exd5 5. cxd5 d6 6. e4 g6 7. f4 Bg7 8. Bb5+ Nfd7 9. a4 0-0 10. Nf3 Na6 11. 0-0 Nb4 12. Re1 a6 13. Bf1 Re8 14. h3 f5 15. Ra3 fxe4 16. Nxe4 Nf6 17. Nxf6+ Bxf6 18. Rxe8+ Qxe8 19. Re3 Qf8 20. Bd2 Bd7 21. Bxb4 cxb4 22. Qb3 a5 23. Bb5 Bxb5 24. axb5 Rc8 25. Re4 Qg7 26. Re2 Bd4+ 27. Kh2 Bf6 28. b6 Qd7 29. Re6 Kg7 30. Qe3 a4 31. Ng5 Rc4 32. Ne4 Rxe4 33. Qxe4 Qb5 34. Rxd6 a3 35. Qe6 Bxb2 36. Rd7+ Kh6 37. Rxb7 Qa6 38. Ra7 1-0

[Event "Calvia Amateur op 19th"]
[Site "Calvia"]
[Date "2022.10.09"]
[Round "2"]
[White "Garcia, Jason"]
[Black "Ventura Bolet, Maxim"]
[Result "0-1"]
[WhiteElo "2005"]
[BlackElo "2274"]
[PlyCount "86"]
[EventDate "2022.10.08"]
[EventType "swiss"]
[EventRounds "9"]
[EventCountry "ESP"]
[SourceTitle "CBM 210 Extra"]
[Source "ChessBase"]
[SourceDate "2022.11.30"]
[SourceVersion "1"]
[SourceVersionDate "2022.11.30"]
[SourceQuality "1"]

1. Nf3 d5 2. g3 Nd7 3. Bg2 e5 4. d3 Ngf6 5. 0-0 Bd6 6. Qe1 0-0 7. e4 dxe4 8. dxe4 b6 9. Qe2 Nc5 10. Nbd2 Ba6 11. c4 Bb7 12. Ne1 Re8 13. b3 a5 14. Bb2 a4 15. Nc2 h5 16. h4 Ne6 17. b4 a3 18. Bc3 Nd4 19. Qd3 c5 20. b5 Bf8 21. Bxd4 cxd4 22. Rab1 Nd7 23. Nb4 Bxb4 24. Rxb4 Nc5 25. Qf3 g6 26. Re1 Qd6 27. Rbb1 Bc8 28. Qd1 Bg4 29. f3 Be6 30. Kh2 Na4 31. Qb3 Nc3 32. Rbc1 Ra5 33. Nb1 Rxb5 34. Qxa3 Qxa3 35. Nxa3 Ra5 36. Nb5 Nxb5 37. cxb5 Rxb5 38. Rb1 Ra5 39. Rxb6 Rxa2 40. Rd6 Rb8 41. Kg1 Rbb2 42. Bf1 Rf2 43. Ra6 Rxf1+ 0-1

[Event "South Wales Late Summer op"]
[Site "Cardiff"]
[Date "2022.09.03"]
[Round "2"]
[White "Fowler, Hugo"]
[Black "Garcia, Jason"]
[Result "1/2-1/2"]
[WhiteElo "1904"]
[BlackElo "1996"]
[PlyCount "44"]
[EventDate "2022.09.02"]
[EventType "swiss"]
[EventRounds "5"]
[EventCountry "WLS"]
[SourceTitle "EXT 2024"]
[Source "ChessBase"]
[SourceDate "2023.10.10"]
[SourceVersion "1"]
[SourceVersionDate "2023.10.10"]
[SourceQuality "1"]

1. e4 c5 2. c3 d5 3. exd5 Nf6 4. Bb5+ Nbd7 5. c4 a6 6. Ba4 b5 7. cxb5 Nxd5 8. bxa6 Bxa6 9. Ne2 Bxe2 10. Kxe2 Qa5 11. Bxd7+ Kxd7 12. d3 Qb4 13. Re1 e6 14. Na3 Qh4 15. Qb3 Bd6 16. h3 Rhb8 17. Qc2 Rxa3 18. bxa3 Qf6 19. Qa4+ Kc7 20. Qa5+ Kc6 21. Qa4+ Kc7 22. Qa5+ Kc6 1/2-1/2

[Event "WLS-ch 66th"]
[Site "Cardiff"]
[Date "2022.04.16"]
[Round "3"]
[White "Rathbone Jones, Ifan"]
[Black "Garcia, Jason"]
[Result "1-0"]
[WhiteElo "1915"]
[BlackElo "2022"]
[PlyCount "63"]
[EventDate "2022.04.15"]
[EventType "swiss"]
[EventRounds "7"]
[EventCountry "WLS"]
[SourceTitle "CBM 207 Extra"]
[Source "ChessBase"]
[SourceDate "2022.05.31"]
[SourceVersion "1"]
[SourceVersionDate "2022.05.31"]
[SourceQuality "1"]

1. d4 Nf6 2. Nf3 e6 3. Bf4 c5 4. e3 cxd4 5. exd4 b6 6. Bd3 Bb7 7. 0-0 Be7 8. Nbd2 d6 9. Qe2 a6 10. Rfe1 Nbd7 11. Rad1 h6 12. h3 0-0 13. c4 Re8 14. Bb1 Rc8 15. Qd3 Nf8 16. Nf1 d5 17. Ne3 dxc4 18. Nxc4 Be4 19. Qe2 Bxb1 20. Rxb1 Nd5 21. Bg3 Ng6 22. Nce5 Nxe5 23. Nxe5 b5 24. Rbc1 Qb6 25. Qh5 Bf6 26. Qxf7+ Kh7 27. Qg6+ Kg8 28. Nf7 Rxc1 29. Nxh6+ Kh8 30. Qxe8+ Kh7 31. Rxc1 Kxh6 32. Be5 1-0

[Event "Bridgend WCU"]
[Site "Bridgend"]
[Date "2022.03.13"]
[Round "5"]
[White "Garcia, Jason"]
[Black "Kett, Timothy"]
[Result "0-1"]
[WhiteElo "2026"]
[BlackElo "2144"]
[PlyCount "92"]
[EventDate "2022.03.06"]
[EventType "tourn"]
[EventRounds "5"]
[EventCountry "WLS"]
[SourceTitle "EXT 2023"]
[Source "ChessBase"]
[SourceDate "2022.10.05"]
[SourceVersion "1"]
[SourceVersionDate "2022.10.05"]
[SourceQuality "1"]

1. Nf3 Nf6 2. c4 g6 3. b3 Bg7 4. Bb2 0-0 5. g3 d6 6. d4 Nbd7 7. Bg2 e5 8. 0-0 Re8 9. e3 c6 10. Nc3 Qc7 11. Rc1 Nf8 12. d5 e4 13. Nd2 Bf5 14. dxc6 bxc6 15. Ne2 Qd7 16. f3 exf3 17. Nxf3 Qe7 18. Ned4 Qxe3+ 19. Kh1 Bd7 20. Qc2 Ng4 21. Rce1 Qh6 22. Bc1 Qh5 23. Ne2 Qc5 24. Nf4 Bf5 25. Qd2 Ne6 26. h3 Nxf4 27. gxf4 Nf6 28. Qd4 Ne4 29. Qxc5 Ng3+ 30. Kg1 dxc5 31. Ne5 Nxf1 32. Kxf1 f6 33. Nxc6 Bd3+ 34. Kf2 Rxe1 35. Kxe1 Re8+ 36. Kd1 Be4 37. Bxe4 Rxe4 38. Nxa7 Bh6 39. Ba3 Bf8 40. Bc1 Bd6 41. Nb5 Bxf4 42. a4 Bxc1 43. Kxc1 f5 44. Kd2 f4 45. a5 f3 46. Nc3 f2 0-1

[Event "Bridgend WCU"]
[Site "Bridgend"]
[Date "2022.03.13"]
[Round "4"]
[White "Musson, Adam"]
[Black "Garcia, Jason"]
[Result "0-1"]
[WhiteElo "2030"]
[BlackElo "2026"]
[PlyCount "82"]
[EventDate "2022.03.06"]
[EventType "tourn"]
[EventRounds "5"]
[EventCountry "WLS"]
[SourceTitle "EXT 2023"]
[Source "ChessBase"]
[SourceDate "2022.10.05"]
[SourceVersion "1"]
[SourceVersionDate "2022.10.05"]
[SourceQuality "1"]

1. e4 c5 2. Nc3 e6 3. f4 Nc6 4. Nf3 g6 5. d4 cxd4 6. Nxd4 a6 7. Be3 Nge7 8. Qd2 Bg7 9. 0-0-0 b5 10. g4 Bb7 11. Bg2 b4 12. Nd5 exd5 13. exd5 Nxd4 14. Bxd4 Bxd4 15. Qxd4 0-0 16. h4 Nc8 17. h5 Qb6 18. Qd2 Re8 19. Rh3 Nd6 20. hxg6 fxg6 21. f5 Nc4 22. Qh6 Re7 23. Bf1 Ne5 24. d6 Rg7 25. fxg6 Be4 26. Qf4 Qc6 27. gxh7+ Kh8 28. Rd2 Rc8 29. c3 Ng6 30. Qe3 bxc3 31. Qxc3 Qb7 32. Bc4 Ne5 33. Qxe5 Rxc4+ 34. Kd1 Qc8 35. Rc3 Rxc3 36. bxc3 Bf3+ 37. Ke1 Qa8 38. Rd4 Qb8 39. Rf4 Bc6 40. Rf7 Qb1+ 41. Kf2 Qxa2+ 0-1

[Event "Bridgend WCU"]
[Site "Bridgend"]
[Date "2022.03.12"]
[Round "2"]
[White "Bullen, Alex"]
[Black "Garcia, Jason"]
[Result "1-0"]
[WhiteElo "2056"]
[BlackElo "2026"]
[PlyCount "73"]
[EventDate "2022.03.06"]
[EventType "tourn"]
[EventRounds "5"]
[EventCountry "WLS"]
[SourceTitle "EXT 2023"]
[Source "ChessBase"]
[SourceDate "2022.10.05"]
[SourceVersion "1"]
[SourceVersionDate "2022.10.05"]
[SourceQuality "1"]

1. e4 c5 2. Nf3 e6 3. d4 cxd4 4. Nxd4 a6 5. Bd3 Nf6 6. c4 Qc7 7. 0-0 Be7 8. Nc3 d6 9. Be3 Nbd7 10. Rc1 b6 11. a3 Bb7 12. b4 Rc8 13. f4 h5 14. Qf3 Qb8 15. Bf2 h4 16. Qh3 Nh5 17. Be3 Nf8 18. f5 e5 19. Nf3 Nf4 20. Bxf4 exf4 21. Nd5 Bxd5 22. cxd5 Bf6 23. Bxa6 Rc7 24. Qg4 Nd7 25. Qxf4 Bb2 26. Rxc7 Qxc7 27. Qd2 Bf6 28. Rc1 Qa7 29. Rc8+ Bd8 30. b5 0-0 31. Nd4 Ne5 32. Nc6 Qd7 33. Qc2 Bg5 34. Nxe5 dxe5 35. Qc6 Qxc6 36. Rxf8+ Kxf8 37. bxc6 1-0

[Event "EU-chT 23rd"]
[Site "Terme Catez"]
[Date "2021.11.18"]
[Round "6.3"]
[White "Garcia, Jason"]
[Black "Muir, Andrew Joseph"]
[Result "1/2-1/2"]
[WhiteElo "2028"]
[BlackElo "2254"]
[PlyCount "53"]
[EventDate "2021.11.12"]
[EventType "team-swiss"]
[EventRounds "9"]
[EventCountry "SLO"]
[SourceTitle "CBM 205"]
[Source "ChessBase"]
[SourceDate "2021.12.31"]
[SourceVersion "1"]
[SourceVersionDate "2021.12.31"]
[SourceQuality "1"]
[WhiteTeam "Wales"]
[BlackTeam "Scotland"]
[WhiteTeamCountry "WLS"]
[BlackTeamCountry "SCO"]

1. Nf3 d5 2. g3 Nf6 3. Bg2 e6 4. 0-0 Be7 5. c4 0-0 6. b3 c5 7. e3 Nc6 8. Bb2 d4 9. exd4 cxd4 10. Re1 Ne8 11. Ne5 Nxe5 12. Rxe5 f6 13. Re1 e5 14. d3 Nc7 15. Ba3 Rb8 16. Bxe7 Qxe7 17. f4 Bf5 18. Nd2 Rfe8 19. fxe5 fxe5 20. Be4 Bd7 21. Qh5 g6 22. Qh6 b6 23. Nf3 Qg7 24. Qg5 Qe7 25. Qh6 Qg7 26. Qg5 Qe7 27. Qh6 1/2-1/2

[Event "Online Olym Div2 B"]
[Site "Chess.com INT"]
[Date "2021.09.02"]
[Round "3.3"]
[White "Vorobjov, Pavel"]
[Black "Garcia, Jason"]
[Result "1-0"]
[WhiteElo "2293"]
[BlackElo "2028"]
[PlyCount "45"]
[EventDate "2021.09.02"]
[EventType "team (rapid)"]
[EventRounds "9"]
[EventCountry "USA"]
[SourceTitle "CBM 204 Extra"]
[Source "ChessBase"]
[SourceDate "2021.11.30"]
[SourceVersion "1"]
[SourceVersionDate "2021.11.30"]
[SourceQuality "1"]
[WhiteTeam "Estonia"]
[BlackTeam "Wales"]
[WhiteTeamCountry "EST"]
[BlackTeamCountry "WLS"]

1. d4 Nf6 2. c4 c5 3. Nf3 e6 4. g3 b6 5. Bg2 Bb7 6. d5 exd5 7. Nh4 Qc8 8. cxd5 Bxd5 9. Bxd5 Nc6 10. Nc3 Nxd5 11. Nxd5 Be7 12. Nf5 Qd8 13. Nxg7+ Kf8 14. Bh6 Kg8 15. Nf5 Bg5 16. h4 Bxh6 17. Nxh6+ Kf8 18. 0-0 Ne7 19. e4 Ng6 20. Qf3 Ne5 21. Qf5 d6 22. f4 Qd7 23. fxe5 1-0

[Event "Online Olym Div3 C"]
[Site "Chess.com INT"]
[Date "2021.08.27"]
[Round "3.5"]
[White "Garcia, Jason"]
[Black "Mosutha, Thuso"]
[Result "0-1"]
[WhiteElo "2028"]
[BlackElo "1966"]
[PlyCount "98"]
[EventDate "2021.08.27"]
[EventType "team-tourn (rapid)"]
[EventRounds "9"]
[EventCountry "USA"]
[SourceTitle "CBM 204 Extra"]
[Source "ChessBase"]
[SourceDate "2021.11.30"]
[SourceVersion "1"]
[SourceVersionDate "2021.11.30"]
[SourceQuality "1"]
[WhiteTeam "Wales"]
[BlackTeam "Botswana"]
[WhiteTeamCountry "WLS"]
[BlackTeamCountry "BOT"]

1. Nf3 Nf6 2. c4 g6 3. b3 Bg7 4. Bb2 d6 5. d4 0-0 6. g3 Nc6 7. d5 Nb4 8. a3 Na6 9. b4 Bd7 10. Bg2 c5 11. dxc6 bxc6 12. 0-0 c5 13. b5 Nc7 14. a4 Rb8 15. Qc1 a6 16. Nbd2 Re8 17. Rd1 Qc8 18. Ng5 Bg4 19. f3 Bf5 20. e4 Bd7 21. f4 Bg4 22. Ngf3 Bh3 23. Bh1 Qg4 24. Re1 Nh5 25. Bxg7 Nxg3 26. Kf2 Nxh1+ 27. Rxh1 Kxg7 28. Qc3+ Kg8 29. Rhg1 Qxf4 30. Rg3 Bd7 31. h4 e5 32. h5 Ne6 33. hxg6 fxg6 34. Rag1 Nd4 35. Ke1 Kg7 36. Qd3 axb5 37. cxb5 Be6 38. Ng5 Bg8 39. Rf1 Qh4 40. Kd1 Rf8 41. Rfg1 Qh5+ 42. Ke1 Rf4 43. Ndf3 Rbf8 44. Nxd4 exd4 45. a5 Qh2 46. R3g2 Qh4+ 47. Rg3 h6 48. Nf3 Rxf3 49. a6 Rxd3 0-1

[Event "Dyfed op 49th"]
[Site "Fishguard"]
[Date "2020.02.14"]
[Round "1"]
[White "Garcia, Jason"]
[Black "Van Kemenade, Julie"]
[Result "1-0"]
[WhiteElo "2029"]
[BlackElo "1689"]
[PlyCount "51"]
[EventDate "2020.02.14"]
[EventType "swiss"]
[EventRounds "5"]
[EventCountry "WLS"]
[SourceTitle "EXT 2022"]
[Source "ChessBase"]
[SourceDate "2021.10.06"]
[SourceVersion "1"]
[SourceVersionDate "2021.10.06"]
[SourceQuality "1"]

1. Nf3 d6 2. g3 g6 3. c4 Bg7 4. Bg2 e5 5. d3 Nd7 6. Nc3 c6 7. 0-0 Ne7 8. Rb1 0-0 9. b4 f5 10. Qb3 Kh8 11. a4 Nf6 12. c5 Nh5 13. cxd6 Qxd6 14. Nd2 Be6 15. Qc2 Nd5 16. b5 Nxc3 17. Qxc3 Bd5 18. Ba3 Qe6 19. Bxf8 Rxf8 20. Bxd5 cxd5 21. Qc7 Rf7 22. Qb8+ Bf8 23. Rbc1 Kg7 24. Rc7 f4 25. Rxf7+ Qxf7 26. Qxe5+ 1-0

[Event "South Wales op 16th"]
[Site "Cardiff"]
[Date "2019.07.11"]
[Round "8"]
[White "Garcia, Jason"]
[Black "Camp, Imogen AL"]
[Result "1-0"]
[WhiteElo "2053"]
[BlackElo "1850"]
[PlyCount "51"]
[EventDate "2019.07.07"]
[EventType "swiss"]
[EventRounds "9"]
[EventCountry "WLS"]
[SourceTitle "CBM 191 Extra"]
[Source "ChessBase"]
[SourceDate "2019.09.30"]
[SourceVersion "1"]
[SourceVersionDate "2019.09.30"]
[SourceQuality "1"]

1. Nf3 d5 2. c4 e6 3. b3 Nf6 4. g3 Be7 5. Bg2 0-0 6. 0-0 b6 7. Bb2 Bb7 8. e3 c5 9. Qe2 Nc6 10. Rd1 Qc7 11. Nc3 Rfd8 12. d4 Rac8 13. Rac1 dxc4 14. bxc4 cxd4 15. exd4 Na5 16. Nb5 Qb8 17. d5 Ba6 18. Be5 Qb7 19. dxe6 Rxd1+ 20. Rxd1 Bc5 21. Bxf6 Bxb5 22. cxb5 gxf6 23. Rd7 Qb8 24. exf7+ Kf8 25. Nd4 Bxd4 26. Qe7+ 1-0